[Event "Kowalewo Pomorskie op-B"]
[Site "Kowalewo Pomorskie"]
[Date "2008.07.04"]
[Round "2.9"]
[White "Choinski, Lukasz"]
[Black "Kaczmarek, Piotr1111"]
[Result "1/2-1/2"]
[WhiteElo "1801"]
[BlackElo "1935"]
[PlyCount "54"]
[EventDate "2008.07.04"]
[EventType "swiss"]
[EventRounds "9"]
[EventCountry "POL"]
[SourceTitle "EXT 2023"]
[Source "ChessBase"]
[SourceDate "2022.10.05"]
[SourceVersion "1"]
[SourceVersionDate "2022.10.05"]
[SourceQuality "1"]

1. e4 c5 2. Nc3 Nc6 3. g3 g6 4. Bg2 Bg7 5. f4 d6 6. Nf3 a6 7. a4 Rb8 8. 0-0 b5 9. axb5 axb5 10. Qe2 b4 11. Nd5 e6 12. Ne3 Nge7 13. Nc4 d5 14. exd5 exd5 15. Nce5 0-0 16. b3 f6 17. Nxc6 Nxc6 18. Bb2 Re8 19. Qf2 Qd6 20. Rfe1 Rxe1+ 21. Rxe1 Be6 22. Qe2 Bf7 23. Qd3 c4 24. Qe3 Re8 25. Qb6 Rxe1+ 26. Nxe1 cxb3 27. cxb3 Bf8 1/2-1/2

[Event "Pruszcz Gdanski-ch"]
[Site "Pruszcz Gdanski"]
[Date "2008.03.16"]
[Round "7"]
[White "Choinski, Lukasz"]
[Black "Les, Czeslaw"]
[Result "1-0"]
[WhiteElo "1799"]
[BlackElo "1952"]
[PlyCount "81"]
[EventDate "2008.03.01"]
[EventType "swiss"]
[EventRounds "7"]
[EventCountry "POL"]
[SourceTitle "EXT 2023"]
[Source "ChessBase"]
[SourceDate "2022.10.05"]
[SourceVersion "1"]
[SourceVersionDate "2022.10.05"]
[SourceQuality "1"]

1. e4 d5 2. exd5 Nf6 3. d4 Qxd5 4. Nc3 Qa5 5. Bc4 c6 6. Nf3 Bg4 7. h3 Bh5 8. 0-0 e6 9. Qd3 Nbd7 10. Bd2 Qc7 11. Rfe1 Be7 12. Ne5 Nxe5 13. dxe5 Nd5 14. Qg3 Nb6 15. Bd3 Bg6 16. Bxg6 hxg6 17. b3 0-0-0 18. Be3 Rh5 19. Bf4 Rf5 20. Qe3 Bb4 21. Bh2 Rh5 22. Red1 Rhh8 23. Ne4 Rxd1+ 24. Rxd1 Kb8 25. c3 Be7 26. c4 c5 27. Nd6 Rd8 28. Rd2 Bxd6 29. exd6 Qd7 30. Qxc5 Rc8 31. Qd4 f6 32. Qe4 g5 33. Qe3 Rh8 34. a4 e5 35. c5 Nc8 36. Qc3 g6 37. b4 g4 38. hxg4 Qh7 39. Qh3 Qxh3 40. gxh3 Rd8 41. g5 1-0

[Event "Pruszcz Gdanski-ch"]
[Site "Pruszcz Gdanski"]
[Date "2008.03.09"]
[Round "5"]
[White "Kanarkiewicz, Michal"]
[Black "Choinski, Lukasz"]
[Result "0-1"]
[WhiteElo "1808"]
[BlackElo "1799"]
[PlyCount "38"]
[EventDate "2008.03.01"]
[EventType "swiss"]
[EventRounds "7"]
[EventCountry "POL"]
[SourceTitle "EXT 2023"]
[Source "ChessBase"]
[SourceDate "2022.10.05"]
[SourceVersion "1"]
[SourceVersionDate "2022.10.05"]
[SourceQuality "1"]

1. e4 e5 2. Nf3 Nc6 3. Bb5 a6 4. Bxc6 dxc6 5. d4 Bg4 6. dxe5 Qxd1+ 7. Kxd1 Bxf3+ 8. gxf3 0-0-0+ 9. Ke2 Bc5 10. Be3 Bxe3 11. Kxe3 Ne7 12. Nc3 c5 13. Ne2 Rd7 14. Rad1 Rhd8 15. Rxd7 Rxd7 16. a3 c4 17. f4 Nc6 18. Rg1 g6 19. c3 Rd3# 0-1

[Event "Ostroda op-B 4th"]
[Site "Ostroda"]
[Date "2007.08.08"]
[Round "4"]
[White "Szmidt, Przemyslaw"]
[Black "Choinski, Lukasz"]
[Result "1/2-1/2"]
[WhiteElo "1934"]
[BlackElo "1790"]
[PlyCount "37"]
[EventDate "2007.08.06"]
[EventType "swiss"]
[EventRounds "9"]
[EventCountry "POL"]
[SourceTitle "EXT 2023"]
[Source "ChessBase"]
[SourceDate "2022.10.05"]
[SourceVersion "1"]
[SourceVersionDate "2022.10.05"]
[SourceQuality "1"]

1. e4 e5 2. Nf3 Nc6 3. Bb5 a6 4. Bxc6 dxc6 5. 0-0 Bd6 6. d4 Qe7 7. dxe5 Bxe5 8. Nxe5 Qxe5 9. Be3 Nf6 10. Nc3 Ng4 11. g3 Nxe3 12. fxe3 0-0 13. Qf3 Be6 14. Qf4 Qd6 15. Rad1 Qe7 16. Rd4 Rad8 17. Rfd1 Rfe8 18. R1d2 h6 19. Qf3 1/2-1/2

[Event "Przysiek U16"]
[Site "Przysiek"]
[Date "2006.09.28"]
[Round "7"]
[White "Choinski, Lukasz"]
[Black "Wodzynski, Michal"]
[Result "0-1"]
[WhiteElo "1721"]
[BlackElo "1952"]
[PlyCount "60"]
[EventDate "2006.09.24"]
[EventType "swiss"]
[EventRounds "9"]
[EventCountry "POL"]
[SourceTitle "EXT 2009"]
[Source "ChessBase"]
[SourceDate "2008.11.26"]
[SourceVersion "1"]
[SourceVersionDate "2008.11.26"]
[SourceQuality "1"]

1. e4 e5 2. Nf3 Nc6 3. Bc4 Nf6 4. d4 exd4 5. e5 d5 6. Bb5 Ne4 7. Nxd4 Bd7 8. Bxc6 bxc6 9. 0-0 Bc5 10. f3 Ng5 11. f4 Ne4 12. Nc3 Nxc3 13. bxc3 0-0 14. Qf3 Qe7 15. Bd2 Rae8 16. Rae1 Bf5 17. Kh1 Be4 18. Qg3 Bxd4 19. cxd4 f6 20. a3 c5 21. dxc5 fxe5 22. fxe5 Qxe5 23. Bf4 Rxf4 24. Rxf4 Bxg2+ 25. Kxg2 Qxe1 26. Rf2 Re6 27. Qf4 Rg6+ 28. Kh3 Qe6+ 29. Qf5 Qe3+ 30. Rf3 Qh6+ 0-1

[Event "Gdansk-ch 8th"]
[Site "Gdansk"]
[Date "2006.07.23"]
[Round "1"]
[White "Flak, Pawel"]
[Black "Choinski, Lukasz"]
[Result "1-0"]
[WhiteElo "2109"]
[BlackElo "1721"]
[PlyCount "99"]
[EventDate "2006.07.23"]
[EventType "swiss"]
[EventRounds "9"]
[EventCountry "POL"]
[SourceTitle "EXT 2008"]
[Source "ChessBase"]
[SourceDate "2007.11.25"]
[SourceVersion "1"]
[SourceVersionDate "2007.11.25"]
[SourceQuality "1"]

1. d4 Nf6 2. c4 g6 3. Nc3 Bg7 4. e4 d6 5. f3 0-0 6. Be3 Nc6 7. Nge2 e5 8. d5 Ne7 9. g4 a6 10. Ng3 Rb8 11. Bd3 c6 12. Qd2 cxd5 13. cxd5 Bd7 14. h4 b5 15. Bh6 b4 16. Nce2 Bb5 17. Bxb5 Rxb5 18. h5 Rb7 19. Bxg7 Kxg7 20. hxg6 fxg6 21. Qh6+ Kh8 22. 0-0-0 Neg8 23. Qe3 Qa5 24. Kb1 Rc8 25. g5 Nd7 26. f4 exf4 27. Nxf4 Ne5 28. Rc1 Rbc7 29. Nge2 Rxc1+ 30. Nxc1 Qc5 31. Qe2 Qc4 32. Qg2 Rc7 33. Ne6 Rf7 34. Qc2 Ne7 35. Rh2 Nc8 36. Qxc4 Nxc4 37. Nd3 a5 38. Nef4 N8b6 39. Nxg6+ Kg7 40. Ngf4 Nd7 41. Kc2 Nde5 42. Nxe5 Nxe5 43. Ne6+ Kg8 44. Kb3 Ra7 45. Ka4 Ra8 46. Kb5 Nd3 47. Rc2 Ne5 48. Rc7 Kh8 49. Nf4 Kg8 50. Kb6 1-0